<?xml version="1.0" encoding="UTF-8"?>
<record
    xmlns:xsi="http://www.w3.org/2001/XMLSchema-instance"
    xsi:schemaLocation="http://www.loc.gov/MARC21/slim http://www.loc.gov/standards/marcxml/schema/MARC21slim.xsd"
    xmlns="http://www.loc.gov/MARC21/slim">

  <leader>01377nas a2200253 454500</leader>
  <controlfield tag="001">19330</controlfield>
  <controlfield tag="005">20260407193505.0</controlfield>
  <controlfield tag="008">260407s1978####ag###########|||spa#d</controlfield>
  <controlfield tag="003">AR-UNSa-BCEJYS</controlfield>
  <datafield tag="040" ind1=" " ind2=" ">
    <subfield code="a">AR-UNSa-BCEJYS</subfield>
    <subfield code="b">spa</subfield>
    <subfield code="c">AR-UNSa-BCEJYS</subfield>
  </datafield>
  <datafield tag="080" ind1=" " ind2=" ">
    <subfield code="a">338.43</subfield>
    <subfield code="x">Agricultura como una rama de la econom&#xED;a. Econom&#xED;a de los productos alimenticios</subfield>
  </datafield>
  <datafield tag="245" ind1="1" ind2="0">
    <subfield code="a">Revista de la Bolsa de cereales</subfield>
  </datafield>
  <datafield tag="022" ind1=" " ind2=" ">
    <subfield code="a">0045-2467</subfield>
  </datafield>
  <datafield tag="264" ind1=" " ind2="1">
    <subfield code="a">Buenos Aires :</subfield>
    <subfield code="b">Bolsa de Cereales</subfield>
    <subfield code="c">1978</subfield>
  </datafield>
  <datafield tag="310" ind1=" " ind2=" ">
    <subfield code="a">Frecuencia: Irregular
Cambia de Director a partir del N&#xBA; 2948 por Jos&#xE9; J. Manny Lalor
Cambia de Director a partir del N&#xBA; 2972 por Jorge Cort
Cambia de Director a partir del N&#xBA; 2990 por H&#xE9;ctor N. Donad&#xED;o
Cambia de Director a partir del N&#xBA; 2993 por Guillermo F. Moresco
Cambia de Director a partir del N&#xBA; 3000 por Fernando R. Fr&#xE1;vega
Cambia de Director a partir del N&#xBA; 3018 por Pedro Garc&#xED;a Oliver
Cambia de Director a partir del N&#xBA; 3019 por Jos&#xE9; M. Gogna
Cambia de Director a partir del N&#xBA; 3026 por Ra&#xFA;l A. Cavallo</subfield>
  </datafield>
  <datafield tag="942" ind1=" " ind2=" ">
    <subfield code="c">SER</subfield>
  </datafield>
  <datafield tag="590" ind1=" " ind2=" ">
    <subfield code="a">niveau_biblio:s niveau_hierar:1</subfield>
  </datafield>
  <datafield tag="100" ind1="1" ind2=" ">
    <subfield code="a">Bolsa de Cereales de Buenos Aires</subfield>
  </datafield>
  <datafield tag="700" ind1="1" ind2=" ">
    <subfield code="a">Gogna, Jos&#xE9; M.</subfield>
  </datafield>
  <datafield tag="650" ind1=" " ind2=" ">
    <subfield code="a">Agricultura</subfield>
  </datafield>
  <datafield tag="650" ind1=" " ind2=" ">
    <subfield code="a">Econom&#xED;a de mercado</subfield>
  </datafield>
  <datafield tag="650" ind1=" " ind2=" ">
    <subfield code="a">Cereales</subfield>
  </datafield>
  <datafield tag="856" ind1="4" ind2="1">
    <subfield code="u">https://biblioeco.unsa.edu.ar/pmb/images/revistas/Bolsa de Cereales.jpg</subfield>
    <subfield code="y">Imagen de portada</subfield>
    <subfield code="q">image/jpeg</subfield>
  </datafield>
  <datafield tag="999" ind1=" " ind2=" ">
    <subfield code="c">8520</subfield>
    <subfield code="d">8520</subfield>
  </datafield>
  <datafield tag="952" ind1=" " ind2=" ">
    <subfield code="0">0</subfield>
    <subfield code="1">0</subfield>
    <subfield code="4">0</subfield>
    <subfield code="7">0</subfield>
    <subfield code="a">BCEJYS</subfield>
    <subfield code="b">BCEJYS</subfield>
    <subfield code="c">17</subfield>
    <subfield code="d">2001-10-01</subfield>
    <subfield code="h">N&#xBA; 3028 - oct./dic. 2001</subfield>
    <subfield code="l">0</subfield>
    <subfield code="o">H338.43 BOL 3028</subfield>
    <subfield code="p">R09006</subfield>
    <subfield code="r">2026-04-10 16:07:53</subfield>
    <subfield code="w">2026-04-10</subfield>
    <subfield code="y">RN</subfield>
  </datafield>
  <datafield tag="952" ind1=" " ind2=" ">
    <subfield code="0">0</subfield>
    <subfield code="1">0</subfield>
    <subfield code="4">0</subfield>
    <subfield code="7">0</subfield>
    <subfield code="a">BCEJYS</subfield>
    <subfield code="b">BCEJYS</subfield>
    <subfield code="c">17</subfield>
    <subfield code="d">2001-07-01</subfield>
    <subfield code="h">N&#xBA; 3027 - jul./sep. 2001</subfield>
    <subfield code="l">0</subfield>
    <subfield code="o">H338.43 BOL 3027</subfield>
    <subfield code="p">R09005</subfield>
    <subfield code="r">2026-04-10 16:07:53</subfield>
    <subfield code="w">2026-04-10</subfield>
    <subfield code="y">RN</subfield>
  </datafield>
  <datafield tag="952" ind1=" " ind2=" ">
    <subfield code="0">0</subfield>
    <subfield code="1">0</subfield>
    <subfield code="4">0</subfield>
    <subfield code="7">0</subfield>
    <subfield code="a">BCEJYS</subfield>
    <subfield code="b">BCEJYS</subfield>
    <subfield code="c">17</subfield>
    <subfield code="d">2001-04-01</subfield>
    <subfield code="h">N&#xBA; 3026 - abr./jun. 2001</subfield>
    <subfield code="l">0</subfield>
    <subfield code="o">H338.43 BOL 3026</subfield>
    <subfield code="p">R09004</subfield>
    <subfield code="r">2026-04-10 16:07:53</subfield>
    <subfield code="w">2026-04-10</subfield>
    <subfield code="y">RN</subfield>
  </datafield>
  <datafield tag="952" ind1=" " ind2=" ">
    <subfield code="0">0</subfield>
    <subfield code="1">0</subfield>
    <subfield code="4">0</subfield>
    <subfield code="7">0</subfield>
    <subfield code="a">BCEJYS</subfield>
    <subfield code="b">BCEJYS</subfield>
    <subfield code="c">17</subfield>
    <subfield code="d">2001-01-01</subfield>
    <subfield code="h">N&#xBA; 3025 - ene./mar. 2001</subfield>
    <subfield code="l">0</subfield>
    <subfield code="o">H338.43 BOL 3025</subfield>
    <subfield code="p">R09003</subfield>
    <subfield code="r">2026-04-10 16:07:53</subfield>
    <subfield code="w">2026-04-10</subfield>
    <subfield code="y">RN</subfield>
  </datafield>
  <datafield tag="952" ind1=" " ind2=" ">
    <subfield code="0">0</subfield>
    <subfield code="1">0</subfield>
    <subfield code="4">0</subfield>
    <subfield code="7">0</subfield>
    <subfield code="a">BCEJYS</subfield>
    <subfield code="b">BCEJYS</subfield>
    <subfield code="c">17</subfield>
    <subfield code="d">2000-07-01</subfield>
    <subfield code="h">N&#xBA; 3024 - jul./dic. 2000</subfield>
    <subfield code="l">0</subfield>
    <subfield code="o">H338.43 BOL 3024</subfield>
    <subfield code="p">R09002</subfield>
    <subfield code="r">2026-04-10 16:07:53</subfield>
    <subfield code="w">2026-04-10</subfield>
    <subfield code="y">RN</subfield>
  </datafield>
  <datafield tag="952" ind1=" " ind2=" ">
    <subfield code="0">0</subfield>
    <subfield code="1">0</subfield>
    <subfield code="4">0</subfield>
    <subfield code="7">0</subfield>
    <subfield code="a">BCEJYS</subfield>
    <subfield code="b">BCEJYS</subfield>
    <subfield code="c">17</subfield>
    <subfield code="d">2000-04-01</subfield>
    <subfield code="h">N&#xBA; 3023 - abr./jun. 2000</subfield>
    <subfield code="l">0</subfield>
    <subfield code="o">H338.43 BOL 3023</subfield>
    <subfield code="p">R09001</subfield>
    <subfield code="r">2026-04-10 16:07:53</subfield>
    <subfield code="w">2026-04-10</subfield>
    <subfield code="y">RN</subfield>
  </datafield>
  <datafield tag="952" ind1=" " ind2=" ">
    <subfield code="0">0</subfield>
    <subfield code="1">0</subfield>
    <subfield code="4">0</subfield>
    <subfield code="7">0</subfield>
    <subfield code="a">BCEJYS</subfield>
    <subfield code="b">BCEJYS</subfield>
    <subfield code="c">17</subfield>
    <subfield code="d">2000-01-01</subfield>
    <subfield code="h">N&#xBA; 3022 - ene./mar. 2000</subfield>
    <subfield code="l">0</subfield>
    <subfield code="o">H338.43 BOL 3022</subfield>
    <subfield code="p">R09000</subfield>
    <subfield code="r">2026-04-10 16:07:53</subfield>
    <subfield code="w">2026-04-10</subfield>
    <subfield code="y">RN</subfield>
  </datafield>
  <datafield tag="952" ind1=" " ind2=" ">
    <subfield code="0">0</subfield>
    <subfield code="1">0</subfield>
    <subfield code="4">0</subfield>
    <subfield code="7">0</subfield>
    <subfield code="a">BCEJYS</subfield>
    <subfield code="b">BCEJYS</subfield>
    <subfield code="c">17</subfield>
    <subfield code="d">1999-10-01</subfield>
    <subfield code="h">N&#xBA; 3021 - oct./dic. 1999</subfield>
    <subfield code="l">0</subfield>
    <subfield code="o">H338.43 BOL 3021</subfield>
    <subfield code="p">R08999</subfield>
    <subfield code="r">2026-04-10 16:07:53</subfield>
    <subfield code="w">2026-04-10</subfield>
    <subfield code="y">RN</subfield>
  </datafield>
  <datafield tag="952" ind1=" " ind2=" ">
    <subfield code="0">0</subfield>
    <subfield code="1">0</subfield>
    <subfield code="4">0</subfield>
    <subfield code="7">0</subfield>
    <subfield code="a">BCEJYS</subfield>
    <subfield code="b">BCEJYS</subfield>
    <subfield code="c">17</subfield>
    <subfield code="d">1999-07-01</subfield>
    <subfield code="h">N&#xBA; 3020 - jul./sep. 1999</subfield>
    <subfield code="l">0</subfield>
    <subfield code="o">H338.43 BOL 3020</subfield>
    <subfield code="p">R08998</subfield>
    <subfield code="r">2026-04-10 16:07:53</subfield>
    <subfield code="w">2026-04-10</subfield>
    <subfield code="y">RN</subfield>
  </datafield>
  <datafield tag="952" ind1=" " ind2=" ">
    <subfield code="0">0</subfield>
    <subfield code="1">0</subfield>
    <subfield code="4">0</subfield>
    <subfield code="7">0</subfield>
    <subfield code="a">BCEJYS</subfield>
    <subfield code="b">BCEJYS</subfield>
    <subfield code="c">17</subfield>
    <subfield code="d">1999-04-01</subfield>
    <subfield code="h">N&#xBA; 3019 - abr./jun. 1999</subfield>
    <subfield code="l">0</subfield>
    <subfield code="o">H338.43 BOL 3019</subfield>
    <subfield code="p">R08997</subfield>
    <subfield code="r">2026-04-10 16:07:53</subfield>
    <subfield code="w">2026-04-10</subfield>
    <subfield code="y">RN</subfield>
  </datafield>
  <datafield tag="952" ind1=" " ind2=" ">
    <subfield code="0">0</subfield>
    <subfield code="1">0</subfield>
    <subfield code="4">0</subfield>
    <subfield code="7">0</subfield>
    <subfield code="a">BCEJYS</subfield>
    <subfield code="b">BCEJYS</subfield>
    <subfield code="c">17</subfield>
    <subfield code="d">1999-01-01</subfield>
    <subfield code="h">N&#xBA; 3018 - ene./feb. 1999</subfield>
    <subfield code="l">0</subfield>
    <subfield code="o">H338.43 BOL 3018</subfield>
    <subfield code="p">R08996</subfield>
    <subfield code="r">2026-04-10 16:07:53</subfield>
    <subfield code="w">2026-04-10</subfield>
    <subfield code="y">RN</subfield>
  </datafield>
  <datafield tag="952" ind1=" " ind2=" ">
    <subfield code="0">0</subfield>
    <subfield code="1">0</subfield>
    <subfield code="4">0</subfield>
    <subfield code="7">0</subfield>
    <subfield code="a">BCEJYS</subfield>
    <subfield code="b">BCEJYS</subfield>
    <subfield code="c">17</subfield>
    <subfield code="d">1998-11-01</subfield>
    <subfield code="h">N&#xBA; 3017 - nov./dic. 1998</subfield>
    <subfield code="l">0</subfield>
    <subfield code="o">H338.43 BOL 3017</subfield>
    <subfield code="p">R08995</subfield>
    <subfield code="r">2026-04-10 16:07:53</subfield>
    <subfield code="w">2026-04-10</subfield>
    <subfield code="y">RN</subfield>
  </datafield>
  <datafield tag="952" ind1=" " ind2=" ">
    <subfield code="0">0</subfield>
    <subfield code="1">0</subfield>
    <subfield code="4">0</subfield>
    <subfield code="7">0</subfield>
    <subfield code="a">BCEJYS</subfield>
    <subfield code="b">BCEJYS</subfield>
    <subfield code="c">17</subfield>
    <subfield code="d">1998-08-01</subfield>
    <subfield code="h">N&#xBA; 3016 - ago./oct. 1998</subfield>
    <subfield code="l">0</subfield>
    <subfield code="o">H338.43 BOL 3016</subfield>
    <subfield code="p">R08994</subfield>
    <subfield code="r">2026-04-10 16:07:53</subfield>
    <subfield code="w">2026-04-10</subfield>
    <subfield code="y">RN</subfield>
  </datafield>
  <datafield tag="952" ind1=" " ind2=" ">
    <subfield code="0">0</subfield>
    <subfield code="1">0</subfield>
    <subfield code="4">0</subfield>
    <subfield code="7">0</subfield>
    <subfield code="a">BCEJYS</subfield>
    <subfield code="b">BCEJYS</subfield>
    <subfield code="c">17</subfield>
    <subfield code="d">1998-04-01</subfield>
    <subfield code="h">N&#xBA; 3015 - abr./jul. 1998</subfield>
    <subfield code="l">0</subfield>
    <subfield code="o">H338.43 BOL 3015</subfield>
    <subfield code="p">R08993</subfield>
    <subfield code="r">2026-04-10 16:07:53</subfield>
    <subfield code="w">2026-04-10</subfield>
    <subfield code="y">RN</subfield>
  </datafield>
  <datafield tag="952" ind1=" " ind2=" ">
    <subfield code="0">0</subfield>
    <subfield code="1">0</subfield>
    <subfield code="4">0</subfield>
    <subfield code="7">0</subfield>
    <subfield code="a">BCEJYS</subfield>
    <subfield code="b">BCEJYS</subfield>
    <subfield code="c">17</subfield>
    <subfield code="d">1998-01-01</subfield>
    <subfield code="h">N&#xBA; 3014 - ene./mar. 1998</subfield>
    <subfield code="l">0</subfield>
    <subfield code="o">H338.43 BOL 3014</subfield>
    <subfield code="p">R08992</subfield>
    <subfield code="r">2026-04-10 16:07:53</subfield>
    <subfield code="w">2026-04-10</subfield>
    <subfield code="y">RN</subfield>
  </datafield>
  <datafield tag="952" ind1=" " ind2=" ">
    <subfield code="0">0</subfield>
    <subfield code="1">0</subfield>
    <subfield code="4">0</subfield>
    <subfield code="7">0</subfield>
    <subfield code="a">BCEJYS</subfield>
    <subfield code="b">BCEJYS</subfield>
    <subfield code="c">17</subfield>
    <subfield code="d">1997-08-01</subfield>
    <subfield code="h">N&#xBA; 3013 - ago./nov. 1997</subfield>
    <subfield code="l">0</subfield>
    <subfield code="o">H338.43 BOL 3013</subfield>
    <subfield code="p">R08991</subfield>
    <subfield code="r">2026-04-10 16:07:53</subfield>
    <subfield code="w">2026-04-10</subfield>
    <subfield code="y">RN</subfield>
  </datafield>
  <datafield tag="952" ind1=" " ind2=" ">
    <subfield code="0">0</subfield>
    <subfield code="1">0</subfield>
    <subfield code="4">0</subfield>
    <subfield code="7">0</subfield>
    <subfield code="a">BCEJYS</subfield>
    <subfield code="b">BCEJYS</subfield>
    <subfield code="c">17</subfield>
    <subfield code="d">1997-05-01</subfield>
    <subfield code="h">N&#xBA; 3012 - mayo/jul. 1997</subfield>
    <subfield code="l">0</subfield>
    <subfield code="o">H338.43 BOL 3012</subfield>
    <subfield code="p">R08990</subfield>
    <subfield code="r">2026-04-10 16:07:53</subfield>
    <subfield code="w">2026-04-10</subfield>
    <subfield code="y">RN</subfield>
  </datafield>
  <datafield tag="952" ind1=" " ind2=" ">
    <subfield code="0">0</subfield>
    <subfield code="1">0</subfield>
    <subfield code="4">0</subfield>
    <subfield code="7">0</subfield>
    <subfield code="a">BCEJYS</subfield>
    <subfield code="b">BCEJYS</subfield>
    <subfield code="c">13</subfield>
    <subfield code="d">1997-01-01</subfield>
    <subfield code="h">N&#xBA; 3011 - ene./abr. 1997</subfield>
    <subfield code="l">0</subfield>
    <subfield code="o">H338.43 BOL 3011</subfield>
    <subfield code="p">R21041</subfield>
    <subfield code="r">2026-04-10 16:07:53</subfield>
    <subfield code="w">2026-04-10</subfield>
    <subfield code="y">RN</subfield>
  </datafield>
  <datafield tag="952" ind1=" " ind2=" ">
    <subfield code="0">0</subfield>
    <subfield code="1">0</subfield>
    <subfield code="4">0</subfield>
    <subfield code="7">0</subfield>
    <subfield code="a">BCEJYS</subfield>
    <subfield code="b">BCEJYS</subfield>
    <subfield code="c">17</subfield>
    <subfield code="d">1996-10-01</subfield>
    <subfield code="h">N&#xBA; 3010 - oct./dic. 1996</subfield>
    <subfield code="l">0</subfield>
    <subfield code="o">H338.43 BOL 3010</subfield>
    <subfield code="p">R08989</subfield>
    <subfield code="r">2026-04-10 16:07:53</subfield>
    <subfield code="w">2026-04-10</subfield>
    <subfield code="y">RN</subfield>
  </datafield>
  <datafield tag="952" ind1=" " ind2=" ">
    <subfield code="0">0</subfield>
    <subfield code="1">0</subfield>
    <subfield code="4">0</subfield>
    <subfield code="7">0</subfield>
    <subfield code="a">BCEJYS</subfield>
    <subfield code="b">BCEJYS</subfield>
    <subfield code="c">17</subfield>
    <subfield code="d">1996-07-01</subfield>
    <subfield code="h">N&#xBA; 3009 - jul./sep. 1996</subfield>
    <subfield code="l">0</subfield>
    <subfield code="o">H338.43 BOL 3009</subfield>
    <subfield code="p">R08988</subfield>
    <subfield code="r">2026-04-10 16:07:53</subfield>
    <subfield code="w">2026-04-10</subfield>
    <subfield code="y">RN</subfield>
  </datafield>
  <datafield tag="952" ind1=" " ind2=" ">
    <subfield code="0">0</subfield>
    <subfield code="1">0</subfield>
    <subfield code="4">0</subfield>
    <subfield code="7">0</subfield>
    <subfield code="a">BCEJYS</subfield>
    <subfield code="b">BCEJYS</subfield>
    <subfield code="c">17</subfield>
    <subfield code="d">1996-04-01</subfield>
    <subfield code="h">N&#xBA; 3008 - abr./jun. 1996</subfield>
    <subfield code="l">0</subfield>
    <subfield code="o">H338.43 BOL 3008</subfield>
    <subfield code="p">R08987</subfield>
    <subfield code="r">2026-04-10 16:07:53</subfield>
    <subfield code="w">2026-04-10</subfield>
    <subfield code="y">RN</subfield>
  </datafield>
  <datafield tag="952" ind1=" " ind2=" ">
    <subfield code="0">0</subfield>
    <subfield code="1">0</subfield>
    <subfield code="4">0</subfield>
    <subfield code="7">0</subfield>
    <subfield code="a">BCEJYS</subfield>
    <subfield code="b">BCEJYS</subfield>
    <subfield code="c">17</subfield>
    <subfield code="d">1996-01-01</subfield>
    <subfield code="h">N&#xBA; 3007 - ene./mar. 1996</subfield>
    <subfield code="l">0</subfield>
    <subfield code="o">H338.43 BOL 3007</subfield>
    <subfield code="p">R08986</subfield>
    <subfield code="r">2026-04-10 16:07:53</subfield>
    <subfield code="w">2026-04-10</subfield>
    <subfield code="y">RN</subfield>
  </datafield>
  <datafield tag="952" ind1=" " ind2=" ">
    <subfield code="0">0</subfield>
    <subfield code="1">0</subfield>
    <subfield code="4">0</subfield>
    <subfield code="7">0</subfield>
    <subfield code="a">BCEJYS</subfield>
    <subfield code="b">BCEJYS</subfield>
    <subfield code="c">17</subfield>
    <subfield code="d">1995-10-01</subfield>
    <subfield code="h">N&#xBA; 3006 - oct./dic. 1995</subfield>
    <subfield code="l">0</subfield>
    <subfield code="o">H338.43 BOL 3006</subfield>
    <subfield code="p">R08985</subfield>
    <subfield code="r">2026-04-10 16:07:53</subfield>
    <subfield code="w">2026-04-10</subfield>
    <subfield code="y">RN</subfield>
  </datafield>
  <datafield tag="952" ind1=" " ind2=" ">
    <subfield code="0">0</subfield>
    <subfield code="1">0</subfield>
    <subfield code="4">0</subfield>
    <subfield code="7">0</subfield>
    <subfield code="a">BCEJYS</subfield>
    <subfield code="b">BCEJYS</subfield>
    <subfield code="c">17</subfield>
    <subfield code="d">1995-07-01</subfield>
    <subfield code="h">N&#xBA; 3005 - jul./sep. 1995</subfield>
    <subfield code="l">0</subfield>
    <subfield code="o">H338.43 BOL 3005</subfield>
    <subfield code="p">R08984</subfield>
    <subfield code="r">2026-04-10 16:07:53</subfield>
    <subfield code="w">2026-04-10</subfield>
    <subfield code="y">RN</subfield>
  </datafield>
  <datafield tag="952" ind1=" " ind2=" ">
    <subfield code="0">0</subfield>
    <subfield code="1">0</subfield>
    <subfield code="4">0</subfield>
    <subfield code="7">0</subfield>
    <subfield code="a">BCEJYS</subfield>
    <subfield code="b">BCEJYS</subfield>
    <subfield code="c">17</subfield>
    <subfield code="d">1995-04-01</subfield>
    <subfield code="h">N&#xBA; 3004 - abr./jun. 1995</subfield>
    <subfield code="l">0</subfield>
    <subfield code="o">H338.43 BOL 3004</subfield>
    <subfield code="p">R08983</subfield>
    <subfield code="r">2026-04-10 16:07:53</subfield>
    <subfield code="w">2026-04-10</subfield>
    <subfield code="y">RN</subfield>
  </datafield>
  <datafield tag="952" ind1=" " ind2=" ">
    <subfield code="0">0</subfield>
    <subfield code="1">0</subfield>
    <subfield code="4">0</subfield>
    <subfield code="7">0</subfield>
    <subfield code="a">BCEJYS</subfield>
    <subfield code="b">BCEJYS</subfield>
    <subfield code="c">17</subfield>
    <subfield code="d">1995-01-01</subfield>
    <subfield code="h">N&#xBA; 3003 - ene./mar. 1995</subfield>
    <subfield code="l">0</subfield>
    <subfield code="o">H338.43 BOL 3003</subfield>
    <subfield code="p">R08982</subfield>
    <subfield code="r">2026-04-10 16:07:53</subfield>
    <subfield code="w">2026-04-10</subfield>
    <subfield code="y">RN</subfield>
  </datafield>
  <datafield tag="952" ind1=" " ind2=" ">
    <subfield code="0">0</subfield>
    <subfield code="1">0</subfield>
    <subfield code="4">0</subfield>
    <subfield code="7">0</subfield>
    <subfield code="a">BCEJYS</subfield>
    <subfield code="b">BCEJYS</subfield>
    <subfield code="c">17</subfield>
    <subfield code="d">1994-10-01</subfield>
    <subfield code="h">N&#xBA; 3002 - oct./dic. 1994</subfield>
    <subfield code="l">0</subfield>
    <subfield code="o">H338.43 BOL 3002</subfield>
    <subfield code="p">R08981</subfield>
    <subfield code="r">2026-04-10 16:07:53</subfield>
    <subfield code="w">2026-04-10</subfield>
    <subfield code="y">RN</subfield>
  </datafield>
  <datafield tag="952" ind1=" " ind2=" ">
    <subfield code="0">0</subfield>
    <subfield code="1">0</subfield>
    <subfield code="4">0</subfield>
    <subfield code="7">0</subfield>
    <subfield code="a">BCEJYS</subfield>
    <subfield code="b">BCEJYS</subfield>
    <subfield code="c">17</subfield>
    <subfield code="d">1994-07-01</subfield>
    <subfield code="h">N&#xBA; 3001 - jul./sep. 1994</subfield>
    <subfield code="l">0</subfield>
    <subfield code="o">H338.43 BOL 3001</subfield>
    <subfield code="p">R08980</subfield>
    <subfield code="r">2026-04-10 16:07:53</subfield>
    <subfield code="w">2026-04-10</subfield>
    <subfield code="y">RN</subfield>
  </datafield>
  <datafield tag="952" ind1=" " ind2=" ">
    <subfield code="0">0</subfield>
    <subfield code="1">0</subfield>
    <subfield code="4">0</subfield>
    <subfield code="7">0</subfield>
    <subfield code="a">BCEJYS</subfield>
    <subfield code="b">BCEJYS</subfield>
    <subfield code="c">17</subfield>
    <subfield code="d">1994-04-01</subfield>
    <subfield code="h">N&#xBA; 3000 - abr./jun. 1994</subfield>
    <subfield code="l">0</subfield>
    <subfield code="o">H338.43 BOL 3000</subfield>
    <subfield code="p">R08979</subfield>
    <subfield code="r">2026-04-10 16:07:53</subfield>
    <subfield code="w">2026-04-10</subfield>
    <subfield code="y">RN</subfield>
  </datafield>
  <datafield tag="952" ind1=" " ind2=" ">
    <subfield code="0">0</subfield>
    <subfield code="1">0</subfield>
    <subfield code="4">0</subfield>
    <subfield code="7">0</subfield>
    <subfield code="a">BCEJYS</subfield>
    <subfield code="b">BCEJYS</subfield>
    <subfield code="c">17</subfield>
    <subfield code="d">1986-10-01</subfield>
    <subfield code="h">N&#xBA; 2995 - oct./dic. 1986</subfield>
    <subfield code="l">0</subfield>
    <subfield code="o">H338.43 BOL 2995</subfield>
    <subfield code="p">R08978</subfield>
    <subfield code="r">2026-04-10 16:07:53</subfield>
    <subfield code="w">2026-04-10</subfield>
    <subfield code="y">RN</subfield>
  </datafield>
  <datafield tag="952" ind1=" " ind2=" ">
    <subfield code="0">0</subfield>
    <subfield code="1">0</subfield>
    <subfield code="4">0</subfield>
    <subfield code="7">0</subfield>
    <subfield code="a">BCEJYS</subfield>
    <subfield code="b">BCEJYS</subfield>
    <subfield code="c">17</subfield>
    <subfield code="d">1986-07-01</subfield>
    <subfield code="h">N&#xBA; 2994 - jul./sep. 1986</subfield>
    <subfield code="l">0</subfield>
    <subfield code="o">H338.43 BOL 2994</subfield>
    <subfield code="p">R08977</subfield>
    <subfield code="r">2026-04-10 16:07:53</subfield>
    <subfield code="w">2026-04-10</subfield>
    <subfield code="y">RN</subfield>
  </datafield>
  <datafield tag="952" ind1=" " ind2=" ">
    <subfield code="0">0</subfield>
    <subfield code="1">0</subfield>
    <subfield code="4">0</subfield>
    <subfield code="7">0</subfield>
    <subfield code="a">BCEJYS</subfield>
    <subfield code="b">BCEJYS</subfield>
    <subfield code="c">17</subfield>
    <subfield code="d">1986-04-01</subfield>
    <subfield code="h">N&#xBA; 2993 - abr./jun. 1986</subfield>
    <subfield code="l">0</subfield>
    <subfield code="o">H338.43 BOL 2993</subfield>
    <subfield code="p">R08976</subfield>
    <subfield code="r">2026-04-10 16:07:53</subfield>
    <subfield code="w">2026-04-10</subfield>
    <subfield code="y">RN</subfield>
  </datafield>
  <datafield tag="952" ind1=" " ind2=" ">
    <subfield code="0">0</subfield>
    <subfield code="1">0</subfield>
    <subfield code="4">0</subfield>
    <subfield code="7">0</subfield>
    <subfield code="a">BCEJYS</subfield>
    <subfield code="b">BCEJYS</subfield>
    <subfield code="c">17</subfield>
    <subfield code="d">1986-01-01</subfield>
    <subfield code="h">N&#xBA; 2992 - ene./mar. 1986</subfield>
    <subfield code="l">0</subfield>
    <subfield code="o">H338.43 BOL 2992</subfield>
    <subfield code="p">R08975</subfield>
    <subfield code="r">2026-04-10 16:07:53</subfield>
    <subfield code="w">2026-04-10</subfield>
    <subfield code="y">RN</subfield>
  </datafield>
  <datafield tag="952" ind1=" " ind2=" ">
    <subfield code="0">0</subfield>
    <subfield code="1">0</subfield>
    <subfield code="4">0</subfield>
    <subfield code="7">0</subfield>
    <subfield code="a">BCEJYS</subfield>
    <subfield code="b">BCEJYS</subfield>
    <subfield code="c">17</subfield>
    <subfield code="d">1985-10-01</subfield>
    <subfield code="h">N&#xBA; 2991 - oct./dic. 1985</subfield>
    <subfield code="l">0</subfield>
    <subfield code="o">H338.43 BOL 2991</subfield>
    <subfield code="p">R08974</subfield>
    <subfield code="r">2026-04-10 16:07:53</subfield>
    <subfield code="w">2026-04-10</subfield>
    <subfield code="y">RN</subfield>
  </datafield>
  <datafield tag="952" ind1=" " ind2=" ">
    <subfield code="0">0</subfield>
    <subfield code="1">0</subfield>
    <subfield code="4">0</subfield>
    <subfield code="7">0</subfield>
    <subfield code="a">BCEJYS</subfield>
    <subfield code="b">BCEJYS</subfield>
    <subfield code="c">17</subfield>
    <subfield code="d">1985-07-01</subfield>
    <subfield code="h">N&#xBA; 2990 - jul./sep. 1985</subfield>
    <subfield code="l">0</subfield>
    <subfield code="o">H338.43 BOL 2990</subfield>
    <subfield code="p">R08973</subfield>
    <subfield code="r">2026-04-10 16:07:53</subfield>
    <subfield code="w">2026-04-10</subfield>
    <subfield code="y">RN</subfield>
  </datafield>
  <datafield tag="952" ind1=" " ind2=" ">
    <subfield code="0">0</subfield>
    <subfield code="1">0</subfield>
    <subfield code="4">0</subfield>
    <subfield code="7">0</subfield>
    <subfield code="a">BCEJYS</subfield>
    <subfield code="b">BCEJYS</subfield>
    <subfield code="c">17</subfield>
    <subfield code="d">1985-04-01</subfield>
    <subfield code="h">N&#xBA; 2989 - abr./jun. 1985</subfield>
    <subfield code="l">0</subfield>
    <subfield code="o">H338.43 BOL 2989</subfield>
    <subfield code="p">R08972</subfield>
    <subfield code="r">2026-04-10 16:07:53</subfield>
    <subfield code="w">2026-04-10</subfield>
    <subfield code="y">RN</subfield>
  </datafield>
  <datafield tag="952" ind1=" " ind2=" ">
    <subfield code="0">0</subfield>
    <subfield code="1">0</subfield>
    <subfield code="4">0</subfield>
    <subfield code="7">0</subfield>
    <subfield code="a">BCEJYS</subfield>
    <subfield code="b">BCEJYS</subfield>
    <subfield code="c">17</subfield>
    <subfield code="d">1985-01-01</subfield>
    <subfield code="h">N&#xBA; 2988 - ene./mar. 1985</subfield>
    <subfield code="l">0</subfield>
    <subfield code="o">H338.43 BOL 2988</subfield>
    <subfield code="p">R08971</subfield>
    <subfield code="r">2026-04-10 16:07:53</subfield>
    <subfield code="w">2026-04-10</subfield>
    <subfield code="y">RN</subfield>
  </datafield>
  <datafield tag="952" ind1=" " ind2=" ">
    <subfield code="0">0</subfield>
    <subfield code="1">0</subfield>
    <subfield code="4">0</subfield>
    <subfield code="7">0</subfield>
    <subfield code="a">BCEJYS</subfield>
    <subfield code="b">BCEJYS</subfield>
    <subfield code="c">17</subfield>
    <subfield code="d">1984-10-01</subfield>
    <subfield code="h">N&#xBA; 2987 - oct./dic. 1984</subfield>
    <subfield code="l">0</subfield>
    <subfield code="o">H338.43 BOL 2987</subfield>
    <subfield code="p">R08970</subfield>
    <subfield code="r">2026-04-10 16:07:54</subfield>
    <subfield code="w">2026-04-10</subfield>
    <subfield code="y">RN</subfield>
  </datafield>
  <datafield tag="952" ind1=" " ind2=" ">
    <subfield code="0">0</subfield>
    <subfield code="1">0</subfield>
    <subfield code="4">0</subfield>
    <subfield code="7">0</subfield>
    <subfield code="a">BCEJYS</subfield>
    <subfield code="b">BCEJYS</subfield>
    <subfield code="c">17</subfield>
    <subfield code="d">1984-07-01</subfield>
    <subfield code="h">N&#xBA; 2986 - jul./sep. 1984</subfield>
    <subfield code="l">0</subfield>
    <subfield code="o">H338.43 BOL 2986</subfield>
    <subfield code="p">R08969</subfield>
    <subfield code="r">2026-04-10 16:07:54</subfield>
    <subfield code="w">2026-04-10</subfield>
    <subfield code="y">RN</subfield>
  </datafield>
  <datafield tag="952" ind1=" " ind2=" ">
    <subfield code="0">0</subfield>
    <subfield code="1">0</subfield>
    <subfield code="4">0</subfield>
    <subfield code="7">0</subfield>
    <subfield code="a">BCEJYS</subfield>
    <subfield code="b">BCEJYS</subfield>
    <subfield code="c">17</subfield>
    <subfield code="d">1984-04-01</subfield>
    <subfield code="h">N&#xBA; 2985 - abr./jun. 1984</subfield>
    <subfield code="l">0</subfield>
    <subfield code="o">H338.43 BOL 2985</subfield>
    <subfield code="p">R08968</subfield>
    <subfield code="r">2026-04-10 16:07:54</subfield>
    <subfield code="w">2026-04-10</subfield>
    <subfield code="y">RN</subfield>
  </datafield>
  <datafield tag="952" ind1=" " ind2=" ">
    <subfield code="0">0</subfield>
    <subfield code="1">0</subfield>
    <subfield code="4">0</subfield>
    <subfield code="7">0</subfield>
    <subfield code="a">BCEJYS</subfield>
    <subfield code="b">BCEJYS</subfield>
    <subfield code="c">17</subfield>
    <subfield code="d">1984-01-01</subfield>
    <subfield code="h">N&#xBA; 2984 - ene./mar. 1984</subfield>
    <subfield code="l">0</subfield>
    <subfield code="o">H338.43 BOL 2984</subfield>
    <subfield code="p">R08967</subfield>
    <subfield code="r">2026-04-10 16:07:54</subfield>
    <subfield code="w">2026-04-10</subfield>
    <subfield code="y">RN</subfield>
  </datafield>
  <datafield tag="952" ind1=" " ind2=" ">
    <subfield code="0">0</subfield>
    <subfield code="1">0</subfield>
    <subfield code="4">0</subfield>
    <subfield code="7">0</subfield>
    <subfield code="a">BCEJYS</subfield>
    <subfield code="b">BCEJYS</subfield>
    <subfield code="c">17</subfield>
    <subfield code="d">1983-10-01</subfield>
    <subfield code="h">N&#xBA; 2983 - oct./dic. 1983</subfield>
    <subfield code="l">0</subfield>
    <subfield code="o">H338.43 BOL 2983</subfield>
    <subfield code="p">R08966</subfield>
    <subfield code="r">2026-04-10 16:07:54</subfield>
    <subfield code="w">2026-04-10</subfield>
    <subfield code="y">RN</subfield>
  </datafield>
  <datafield tag="952" ind1=" " ind2=" ">
    <subfield code="0">0</subfield>
    <subfield code="1">0</subfield>
    <subfield code="4">0</subfield>
    <subfield code="7">0</subfield>
    <subfield code="a">BCEJYS</subfield>
    <subfield code="b">BCEJYS</subfield>
    <subfield code="c">17</subfield>
    <subfield code="d">1983-07-01</subfield>
    <subfield code="h">N&#xBA; 2982 - jul./sep. 1983</subfield>
    <subfield code="l">0</subfield>
    <subfield code="o">H338.43 BOL 2982</subfield>
    <subfield code="p">R08965</subfield>
    <subfield code="r">2026-04-10 16:07:54</subfield>
    <subfield code="w">2026-04-10</subfield>
    <subfield code="y">RN</subfield>
  </datafield>
  <datafield tag="952" ind1=" " ind2=" ">
    <subfield code="0">0</subfield>
    <subfield code="1">0</subfield>
    <subfield code="4">0</subfield>
    <subfield code="7">0</subfield>
    <subfield code="a">BCEJYS</subfield>
    <subfield code="b">BCEJYS</subfield>
    <subfield code="c">17</subfield>
    <subfield code="d">1983-06-01</subfield>
    <subfield code="h">N&#xBA; 2981 - jun. 1983</subfield>
    <subfield code="l">0</subfield>
    <subfield code="o">H338.43 BOL 2981</subfield>
    <subfield code="p">R08964</subfield>
    <subfield code="r">2026-04-10 16:07:54</subfield>
    <subfield code="w">2026-04-10</subfield>
    <subfield code="y">RN</subfield>
  </datafield>
  <datafield tag="952" ind1=" " ind2=" ">
    <subfield code="0">0</subfield>
    <subfield code="1">0</subfield>
    <subfield code="4">0</subfield>
    <subfield code="7">0</subfield>
    <subfield code="a">BCEJYS</subfield>
    <subfield code="b">BCEJYS</subfield>
    <subfield code="c">17</subfield>
    <subfield code="d">1982-12-01</subfield>
    <subfield code="h">N&#xBA; 2979 - dic. 1982</subfield>
    <subfield code="l">0</subfield>
    <subfield code="o">H338.43 BOL 2979</subfield>
    <subfield code="p">R08963</subfield>
    <subfield code="r">2026-04-10 16:07:54</subfield>
    <subfield code="w">2026-04-10</subfield>
    <subfield code="y">RN</subfield>
  </datafield>
  <datafield tag="952" ind1=" " ind2=" ">
    <subfield code="0">0</subfield>
    <subfield code="1">0</subfield>
    <subfield code="4">0</subfield>
    <subfield code="7">0</subfield>
    <subfield code="a">BCEJYS</subfield>
    <subfield code="b">BCEJYS</subfield>
    <subfield code="c">17</subfield>
    <subfield code="d">1982-11-01</subfield>
    <subfield code="h">N&#xBA; 2978 - nov. 1982</subfield>
    <subfield code="l">0</subfield>
    <subfield code="o">H338.43 BOL 2978</subfield>
    <subfield code="p">R08962</subfield>
    <subfield code="r">2026-04-10 16:07:54</subfield>
    <subfield code="w">2026-04-10</subfield>
    <subfield code="y">RN</subfield>
  </datafield>
  <datafield tag="952" ind1=" " ind2=" ">
    <subfield code="0">0</subfield>
    <subfield code="1">0</subfield>
    <subfield code="4">0</subfield>
    <subfield code="7">0</subfield>
    <subfield code="a">BCEJYS</subfield>
    <subfield code="b">BCEJYS</subfield>
    <subfield code="c">17</subfield>
    <subfield code="d">1982-10-01</subfield>
    <subfield code="h">N&#xBA; 2977 - oct. 1982</subfield>
    <subfield code="l">0</subfield>
    <subfield code="o">H338.43 BOL 2977</subfield>
    <subfield code="p">R08961</subfield>
    <subfield code="r">2026-04-10 16:07:54</subfield>
    <subfield code="w">2026-04-10</subfield>
    <subfield code="y">RN</subfield>
  </datafield>
  <datafield tag="952" ind1=" " ind2=" ">
    <subfield code="0">0</subfield>
    <subfield code="1">0</subfield>
    <subfield code="4">0</subfield>
    <subfield code="7">0</subfield>
    <subfield code="a">BCEJYS</subfield>
    <subfield code="b">BCEJYS</subfield>
    <subfield code="c">17</subfield>
    <subfield code="d">1982-09-01</subfield>
    <subfield code="h">N&#xBA; 2976 - sep. 1982</subfield>
    <subfield code="l">0</subfield>
    <subfield code="o">H338.43 BOL 2976</subfield>
    <subfield code="p">R08960</subfield>
    <subfield code="r">2026-04-10 16:07:54</subfield>
    <subfield code="w">2026-04-10</subfield>
    <subfield code="y">RN</subfield>
  </datafield>
  <datafield tag="952" ind1=" " ind2=" ">
    <subfield code="0">0</subfield>
    <subfield code="1">0</subfield>
    <subfield code="4">0</subfield>
    <subfield code="7">0</subfield>
    <subfield code="a">BCEJYS</subfield>
    <subfield code="b">BCEJYS</subfield>
    <subfield code="c">17</subfield>
    <subfield code="d">1982-08-01</subfield>
    <subfield code="h">N&#xBA; 2975 - ago. 1982</subfield>
    <subfield code="l">0</subfield>
    <subfield code="o">H338.43 BOL 2975</subfield>
    <subfield code="p">R08959</subfield>
    <subfield code="r">2026-04-10 16:07:54</subfield>
    <subfield code="w">2026-04-10</subfield>
    <subfield code="y">RN</subfield>
  </datafield>
  <datafield tag="952" ind1=" " ind2=" ">
    <subfield code="0">0</subfield>
    <subfield code="1">0</subfield>
    <subfield code="4">0</subfield>
    <subfield code="7">0</subfield>
    <subfield code="a">BCEJYS</subfield>
    <subfield code="b">BCEJYS</subfield>
    <subfield code="c">17</subfield>
    <subfield code="d">1982-07-01</subfield>
    <subfield code="h">N&#xBA; 2974 - jul. 1982</subfield>
    <subfield code="l">0</subfield>
    <subfield code="o">H338.43 BOL 2974</subfield>
    <subfield code="p">R08958</subfield>
    <subfield code="r">2026-04-10 16:07:54</subfield>
    <subfield code="w">2026-04-10</subfield>
    <subfield code="y">RN</subfield>
  </datafield>
  <datafield tag="952" ind1=" " ind2=" ">
    <subfield code="0">0</subfield>
    <subfield code="1">0</subfield>
    <subfield code="4">0</subfield>
    <subfield code="7">0</subfield>
    <subfield code="a">BCEJYS</subfield>
    <subfield code="b">BCEJYS</subfield>
    <subfield code="c">17</subfield>
    <subfield code="d">1982-06-01</subfield>
    <subfield code="h">N&#xBA; 2973 - jun. 1982</subfield>
    <subfield code="l">0</subfield>
    <subfield code="o">H338.43 BOL 2973</subfield>
    <subfield code="p">R08956</subfield>
    <subfield code="r">2026-04-10 16:07:54</subfield>
    <subfield code="w">2026-04-10</subfield>
    <subfield code="y">RN</subfield>
  </datafield>
  <datafield tag="952" ind1=" " ind2=" ">
    <subfield code="0">0</subfield>
    <subfield code="1">0</subfield>
    <subfield code="4">0</subfield>
    <subfield code="7">0</subfield>
    <subfield code="a">BCEJYS</subfield>
    <subfield code="b">BCEJYS</subfield>
    <subfield code="c">17</subfield>
    <subfield code="d">1982-05-01</subfield>
    <subfield code="h">N&#xBA; 2972 - mayo. 1982</subfield>
    <subfield code="l">0</subfield>
    <subfield code="o">H338.43 BOL 2972</subfield>
    <subfield code="p">R08955</subfield>
    <subfield code="r">2026-04-10 16:07:54</subfield>
    <subfield code="w">2026-04-10</subfield>
    <subfield code="y">RN</subfield>
  </datafield>
  <datafield tag="952" ind1=" " ind2=" ">
    <subfield code="0">0</subfield>
    <subfield code="1">0</subfield>
    <subfield code="4">0</subfield>
    <subfield code="7">0</subfield>
    <subfield code="a">BCEJYS</subfield>
    <subfield code="b">BCEJYS</subfield>
    <subfield code="c">17</subfield>
    <subfield code="d">1982-03-01</subfield>
    <subfield code="h">N&#xBA; 2970/71 - mar. 1982</subfield>
    <subfield code="l">0</subfield>
    <subfield code="o">H338.43 BOL 2970/71</subfield>
    <subfield code="p">R08954</subfield>
    <subfield code="r">2026-04-10 16:07:54</subfield>
    <subfield code="w">2026-04-10</subfield>
    <subfield code="y">RN</subfield>
  </datafield>
  <datafield tag="952" ind1=" " ind2=" ">
    <subfield code="0">0</subfield>
    <subfield code="1">0</subfield>
    <subfield code="4">0</subfield>
    <subfield code="7">0</subfield>
    <subfield code="a">BCEJYS</subfield>
    <subfield code="b">BCEJYS</subfield>
    <subfield code="c">17</subfield>
    <subfield code="d">1982-01-01</subfield>
    <subfield code="h">N&#xBA; 2968/69 - ene./feb. 1982</subfield>
    <subfield code="l">0</subfield>
    <subfield code="o">H338.43 BOL 2968/69</subfield>
    <subfield code="p">R08953</subfield>
    <subfield code="r">2026-04-10 16:07:54</subfield>
    <subfield code="w">2026-04-10</subfield>
    <subfield code="y">RN</subfield>
  </datafield>
  <datafield tag="952" ind1=" " ind2=" ">
    <subfield code="0">0</subfield>
    <subfield code="1">0</subfield>
    <subfield code="4">0</subfield>
    <subfield code="7">0</subfield>
    <subfield code="a">BCEJYS</subfield>
    <subfield code="b">BCEJYS</subfield>
    <subfield code="c">17</subfield>
    <subfield code="d">1981-11-01</subfield>
    <subfield code="h">N&#xBA; 2966/67 - nov./dic. 1981</subfield>
    <subfield code="l">0</subfield>
    <subfield code="o">H338.43 BOL 2966/67</subfield>
    <subfield code="p">R08952</subfield>
    <subfield code="r">2026-04-10 16:07:54</subfield>
    <subfield code="w">2026-04-10</subfield>
    <subfield code="y">RN</subfield>
  </datafield>
  <datafield tag="952" ind1=" " ind2=" ">
    <subfield code="0">0</subfield>
    <subfield code="1">0</subfield>
    <subfield code="4">0</subfield>
    <subfield code="7">0</subfield>
    <subfield code="a">BCEJYS</subfield>
    <subfield code="b">BCEJYS</subfield>
    <subfield code="c">17</subfield>
    <subfield code="d">1981-09-01</subfield>
    <subfield code="h">N&#xBA; 2964/65 - sep./oct. 1981</subfield>
    <subfield code="l">0</subfield>
    <subfield code="o">H338.43 BOL 2964/65</subfield>
    <subfield code="p">R08951</subfield>
    <subfield code="r">2026-04-10 16:07:54</subfield>
    <subfield code="w">2026-04-10</subfield>
    <subfield code="y">RN</subfield>
  </datafield>
  <datafield tag="952" ind1=" " ind2=" ">
    <subfield code="0">0</subfield>
    <subfield code="1">0</subfield>
    <subfield code="4">0</subfield>
    <subfield code="7">0</subfield>
    <subfield code="a">BCEJYS</subfield>
    <subfield code="b">BCEJYS</subfield>
    <subfield code="c">17</subfield>
    <subfield code="d">1981-07-01</subfield>
    <subfield code="h">N&#xBA; 2962/63 - jul./ago. 1981</subfield>
    <subfield code="l">0</subfield>
    <subfield code="o">H338.43 BOL 2962/63</subfield>
    <subfield code="p">R08950</subfield>
    <subfield code="r">2026-04-10 16:07:54</subfield>
    <subfield code="w">2026-04-10</subfield>
    <subfield code="y">RN</subfield>
  </datafield>
  <datafield tag="952" ind1=" " ind2=" ">
    <subfield code="0">0</subfield>
    <subfield code="1">0</subfield>
    <subfield code="4">0</subfield>
    <subfield code="7">0</subfield>
    <subfield code="a">BCEJYS</subfield>
    <subfield code="b">BCEJYS</subfield>
    <subfield code="c">17</subfield>
    <subfield code="d">1981-05-01</subfield>
    <subfield code="h">N&#xBA; 2960/61 - mayo/jun. 1981</subfield>
    <subfield code="l">0</subfield>
    <subfield code="o">H338.43 BOL 2960/61</subfield>
    <subfield code="p">R08949</subfield>
    <subfield code="r">2026-04-10 16:07:54</subfield>
    <subfield code="w">2026-04-10</subfield>
    <subfield code="y">RN</subfield>
  </datafield>
  <datafield tag="952" ind1=" " ind2=" ">
    <subfield code="0">0</subfield>
    <subfield code="1">0</subfield>
    <subfield code="4">0</subfield>
    <subfield code="7">0</subfield>
    <subfield code="a">BCEJYS</subfield>
    <subfield code="b">BCEJYS</subfield>
    <subfield code="c">17</subfield>
    <subfield code="d">1981-03-01</subfield>
    <subfield code="h">N&#xBA; 2958/59 - mar./abr. 1981</subfield>
    <subfield code="l">0</subfield>
    <subfield code="o">H338.43 BOL 2958/59</subfield>
    <subfield code="p">R08948</subfield>
    <subfield code="r">2026-04-10 16:07:54</subfield>
    <subfield code="w">2026-04-10</subfield>
    <subfield code="y">RN</subfield>
  </datafield>
  <datafield tag="952" ind1=" " ind2=" ">
    <subfield code="0">0</subfield>
    <subfield code="1">0</subfield>
    <subfield code="4">0</subfield>
    <subfield code="7">0</subfield>
    <subfield code="a">BCEJYS</subfield>
    <subfield code="b">BCEJYS</subfield>
    <subfield code="c">17</subfield>
    <subfield code="d">1981-01-01</subfield>
    <subfield code="h">N&#xBA; 2956/57 - ene./feb. 1981</subfield>
    <subfield code="l">0</subfield>
    <subfield code="o">H338.43 BOL 2956/57</subfield>
    <subfield code="p">R08947</subfield>
    <subfield code="r">2026-04-10 16:07:54</subfield>
    <subfield code="w">2026-04-10</subfield>
    <subfield code="y">RN</subfield>
  </datafield>
  <datafield tag="952" ind1=" " ind2=" ">
    <subfield code="0">0</subfield>
    <subfield code="1">0</subfield>
    <subfield code="4">0</subfield>
    <subfield code="7">0</subfield>
    <subfield code="a">BCEJYS</subfield>
    <subfield code="b">BCEJYS</subfield>
    <subfield code="c">17</subfield>
    <subfield code="d">1980-12-01</subfield>
    <subfield code="h">N&#xBA; 2955 - dic. 1980</subfield>
    <subfield code="l">0</subfield>
    <subfield code="o">H338.43 BOL 2955</subfield>
    <subfield code="p">R08946</subfield>
    <subfield code="r">2026-04-10 16:07:54</subfield>
    <subfield code="w">2026-04-10</subfield>
    <subfield code="y">RN</subfield>
  </datafield>
  <datafield tag="952" ind1=" " ind2=" ">
    <subfield code="0">0</subfield>
    <subfield code="1">0</subfield>
    <subfield code="4">0</subfield>
    <subfield code="7">0</subfield>
    <subfield code="a">BCEJYS</subfield>
    <subfield code="b">BCEJYS</subfield>
    <subfield code="c">17</subfield>
    <subfield code="d">1980-11-01</subfield>
    <subfield code="h">N&#xBA; 2954 - nov. 1980</subfield>
    <subfield code="l">0</subfield>
    <subfield code="o">H338.43 BOL 2954</subfield>
    <subfield code="p">R08945</subfield>
    <subfield code="r">2026-04-10 16:07:54</subfield>
    <subfield code="w">2026-04-10</subfield>
    <subfield code="y">RN</subfield>
  </datafield>
  <datafield tag="952" ind1=" " ind2=" ">
    <subfield code="0">0</subfield>
    <subfield code="1">0</subfield>
    <subfield code="4">0</subfield>
    <subfield code="7">0</subfield>
    <subfield code="a">BCEJYS</subfield>
    <subfield code="b">BCEJYS</subfield>
    <subfield code="c">17</subfield>
    <subfield code="d">1980-10-01</subfield>
    <subfield code="h">N&#xBA; 2953 - oct. 1980</subfield>
    <subfield code="l">0</subfield>
    <subfield code="o">H338.43 BOL 2953</subfield>
    <subfield code="p">R08944</subfield>
    <subfield code="r">2026-04-10 16:07:54</subfield>
    <subfield code="w">2026-04-10</subfield>
    <subfield code="y">RN</subfield>
  </datafield>
  <datafield tag="952" ind1=" " ind2=" ">
    <subfield code="0">0</subfield>
    <subfield code="1">0</subfield>
    <subfield code="4">0</subfield>
    <subfield code="7">0</subfield>
    <subfield code="a">BCEJYS</subfield>
    <subfield code="b">BCEJYS</subfield>
    <subfield code="c">17</subfield>
    <subfield code="d">1980-09-01</subfield>
    <subfield code="h">N&#xBA; 2952 - sep. 1980</subfield>
    <subfield code="l">0</subfield>
    <subfield code="o">H338.43 BOL 2952</subfield>
    <subfield code="p">R08943</subfield>
    <subfield code="r">2026-04-10 16:07:54</subfield>
    <subfield code="w">2026-04-10</subfield>
    <subfield code="y">RN</subfield>
  </datafield>
  <datafield tag="952" ind1=" " ind2=" ">
    <subfield code="0">0</subfield>
    <subfield code="1">0</subfield>
    <subfield code="4">0</subfield>
    <subfield code="7">0</subfield>
    <subfield code="a">BCEJYS</subfield>
    <subfield code="b">BCEJYS</subfield>
    <subfield code="c">17</subfield>
    <subfield code="d">1980-08-01</subfield>
    <subfield code="h">N&#xBA; 2951 - ago. 1980</subfield>
    <subfield code="l">0</subfield>
    <subfield code="o">H338.43 BOL 2951</subfield>
    <subfield code="p">R08942</subfield>
    <subfield code="r">2026-04-10 16:07:54</subfield>
    <subfield code="w">2026-04-10</subfield>
    <subfield code="y">RN</subfield>
  </datafield>
  <datafield tag="952" ind1=" " ind2=" ">
    <subfield code="0">0</subfield>
    <subfield code="1">0</subfield>
    <subfield code="4">0</subfield>
    <subfield code="7">0</subfield>
    <subfield code="a">BCEJYS</subfield>
    <subfield code="b">BCEJYS</subfield>
    <subfield code="c">17</subfield>
    <subfield code="d">1980-07-01</subfield>
    <subfield code="h">N&#xBA; 2950 - jul. 1980</subfield>
    <subfield code="l">0</subfield>
    <subfield code="o">H338.43 BOL 2950</subfield>
    <subfield code="p">R08941</subfield>
    <subfield code="r">2026-04-10 16:07:54</subfield>
    <subfield code="w">2026-04-10</subfield>
    <subfield code="y">RN</subfield>
  </datafield>
  <datafield tag="952" ind1=" " ind2=" ">
    <subfield code="0">0</subfield>
    <subfield code="1">0</subfield>
    <subfield code="4">0</subfield>
    <subfield code="7">0</subfield>
    <subfield code="a">BCEJYS</subfield>
    <subfield code="b">BCEJYS</subfield>
    <subfield code="c">17</subfield>
    <subfield code="d">1980-06-01</subfield>
    <subfield code="h">N&#xBA; 2949 - jun. 1980</subfield>
    <subfield code="l">0</subfield>
    <subfield code="o">H338.43 BOL 2949</subfield>
    <subfield code="p">R08940</subfield>
    <subfield code="r">2026-04-10 16:07:54</subfield>
    <subfield code="w">2026-04-10</subfield>
    <subfield code="y">RN</subfield>
  </datafield>
  <datafield tag="952" ind1=" " ind2=" ">
    <subfield code="0">0</subfield>
    <subfield code="1">0</subfield>
    <subfield code="4">0</subfield>
    <subfield code="7">0</subfield>
    <subfield code="a">BCEJYS</subfield>
    <subfield code="b">BCEJYS</subfield>
    <subfield code="c">17</subfield>
    <subfield code="d">1980-05-01</subfield>
    <subfield code="h">N&#xBA; 2948 - mayo 1980</subfield>
    <subfield code="l">0</subfield>
    <subfield code="o">H338.43 BOL 2948</subfield>
    <subfield code="p">R08939</subfield>
    <subfield code="r">2026-04-10 16:07:54</subfield>
    <subfield code="w">2026-04-10</subfield>
    <subfield code="y">RN</subfield>
  </datafield>
  <datafield tag="952" ind1=" " ind2=" ">
    <subfield code="0">0</subfield>
    <subfield code="1">0</subfield>
    <subfield code="4">0</subfield>
    <subfield code="7">0</subfield>
    <subfield code="a">BCEJYS</subfield>
    <subfield code="b">BCEJYS</subfield>
    <subfield code="c">17</subfield>
    <subfield code="d">1980-04-01</subfield>
    <subfield code="h">N&#xBA; 2947 - abr. 1980</subfield>
    <subfield code="l">0</subfield>
    <subfield code="o">H338.43 BOL 2947</subfield>
    <subfield code="p">R08938</subfield>
    <subfield code="r">2026-04-10 16:07:54</subfield>
    <subfield code="w">2026-04-10</subfield>
    <subfield code="y">RN</subfield>
  </datafield>
  <datafield tag="952" ind1=" " ind2=" ">
    <subfield code="0">0</subfield>
    <subfield code="1">0</subfield>
    <subfield code="4">0</subfield>
    <subfield code="7">0</subfield>
    <subfield code="a">BCEJYS</subfield>
    <subfield code="b">BCEJYS</subfield>
    <subfield code="c">17</subfield>
    <subfield code="d">1980-03-01</subfield>
    <subfield code="h">N&#xBA; 2946 - mar. 1980</subfield>
    <subfield code="l">0</subfield>
    <subfield code="o">H338.43 BOL 2946</subfield>
    <subfield code="p">R08937</subfield>
    <subfield code="r">2026-04-10 16:07:54</subfield>
    <subfield code="w">2026-04-10</subfield>
    <subfield code="y">RN</subfield>
  </datafield>
  <datafield tag="952" ind1=" " ind2=" ">
    <subfield code="0">0</subfield>
    <subfield code="1">0</subfield>
    <subfield code="4">0</subfield>
    <subfield code="7">0</subfield>
    <subfield code="a">BCEJYS</subfield>
    <subfield code="b">BCEJYS</subfield>
    <subfield code="c">17</subfield>
    <subfield code="d">1980-02-01</subfield>
    <subfield code="h">N&#xBA; 2945 - feb. 1980</subfield>
    <subfield code="l">0</subfield>
    <subfield code="o">H338.43 BOL 2945</subfield>
    <subfield code="p">R08936</subfield>
    <subfield code="r">2026-04-10 16:07:54</subfield>
    <subfield code="w">2026-04-10</subfield>
    <subfield code="y">RN</subfield>
  </datafield>
  <datafield tag="952" ind1=" " ind2=" ">
    <subfield code="0">0</subfield>
    <subfield code="1">0</subfield>
    <subfield code="4">0</subfield>
    <subfield code="7">0</subfield>
    <subfield code="a">BCEJYS</subfield>
    <subfield code="b">BCEJYS</subfield>
    <subfield code="c">17</subfield>
    <subfield code="d">1980-01-01</subfield>
    <subfield code="h">N&#xBA; 2944 - ene. 1980</subfield>
    <subfield code="l">0</subfield>
    <subfield code="o">H338.43 BOL 2944</subfield>
    <subfield code="p">R08935</subfield>
    <subfield code="r">2026-04-10 16:07:54</subfield>
    <subfield code="w">2026-04-10</subfield>
    <subfield code="y">RN</subfield>
  </datafield>
  <datafield tag="952" ind1=" " ind2=" ">
    <subfield code="0">0</subfield>
    <subfield code="1">0</subfield>
    <subfield code="4">0</subfield>
    <subfield code="7">0</subfield>
    <subfield code="a">BCEJYS</subfield>
    <subfield code="b">BCEJYS</subfield>
    <subfield code="c">17</subfield>
    <subfield code="d">1979-12-01</subfield>
    <subfield code="h">N&#xBA; 2943 - dic. 1979</subfield>
    <subfield code="l">0</subfield>
    <subfield code="o">H338.43 BOL 2943</subfield>
    <subfield code="p">R08934</subfield>
    <subfield code="r">2026-04-10 16:07:54</subfield>
    <subfield code="w">2026-04-10</subfield>
    <subfield code="y">RN</subfield>
  </datafield>
  <datafield tag="952" ind1=" " ind2=" ">
    <subfield code="0">0</subfield>
    <subfield code="1">0</subfield>
    <subfield code="4">0</subfield>
    <subfield code="7">0</subfield>
    <subfield code="a">BCEJYS</subfield>
    <subfield code="b">BCEJYS</subfield>
    <subfield code="c">17</subfield>
    <subfield code="d">1979-11-01</subfield>
    <subfield code="h">N&#xBA; 2942 - nov. 1979</subfield>
    <subfield code="l">0</subfield>
    <subfield code="o">H338.43 BOL 2942</subfield>
    <subfield code="p">R08933</subfield>
    <subfield code="r">2026-04-10 16:07:54</subfield>
    <subfield code="w">2026-04-10</subfield>
    <subfield code="y">RN</subfield>
  </datafield>
  <datafield tag="952" ind1=" " ind2=" ">
    <subfield code="0">0</subfield>
    <subfield code="1">0</subfield>
    <subfield code="4">0</subfield>
    <subfield code="7">0</subfield>
    <subfield code="a">BCEJYS</subfield>
    <subfield code="b">BCEJYS</subfield>
    <subfield code="c">17</subfield>
    <subfield code="d">1979-10-01</subfield>
    <subfield code="h">N&#xBA; 2941 - oct. 1979</subfield>
    <subfield code="l">0</subfield>
    <subfield code="o">H338.43 BOL 2941</subfield>
    <subfield code="p">R08932</subfield>
    <subfield code="r">2026-04-10 16:07:54</subfield>
    <subfield code="w">2026-04-10</subfield>
    <subfield code="y">RN</subfield>
  </datafield>
  <datafield tag="952" ind1=" " ind2=" ">
    <subfield code="0">0</subfield>
    <subfield code="1">0</subfield>
    <subfield code="4">0</subfield>
    <subfield code="7">0</subfield>
    <subfield code="a">BCEJYS</subfield>
    <subfield code="b">BCEJYS</subfield>
    <subfield code="c">17</subfield>
    <subfield code="d">1979-09-01</subfield>
    <subfield code="h">N&#xBA; 2940 - sep. 1979</subfield>
    <subfield code="l">0</subfield>
    <subfield code="o">H338.43 BOL 2940</subfield>
    <subfield code="p">R08931</subfield>
    <subfield code="r">2026-04-10 16:07:54</subfield>
    <subfield code="w">2026-04-10</subfield>
    <subfield code="y">RN</subfield>
  </datafield>
  <datafield tag="952" ind1=" " ind2=" ">
    <subfield code="0">0</subfield>
    <subfield code="1">0</subfield>
    <subfield code="4">0</subfield>
    <subfield code="7">0</subfield>
    <subfield code="a">BCEJYS</subfield>
    <subfield code="b">BCEJYS</subfield>
    <subfield code="c">17</subfield>
    <subfield code="d">1979-08-01</subfield>
    <subfield code="h">N&#xBA; 2939 - ago. 1979</subfield>
    <subfield code="l">0</subfield>
    <subfield code="o">H338.43 BOL 2939</subfield>
    <subfield code="p">R08930</subfield>
    <subfield code="r">2026-04-10 16:07:54</subfield>
    <subfield code="w">2026-04-10</subfield>
    <subfield code="y">RN</subfield>
  </datafield>
  <datafield tag="952" ind1=" " ind2=" ">
    <subfield code="0">0</subfield>
    <subfield code="1">0</subfield>
    <subfield code="4">0</subfield>
    <subfield code="7">0</subfield>
    <subfield code="a">BCEJYS</subfield>
    <subfield code="b">BCEJYS</subfield>
    <subfield code="c">17</subfield>
    <subfield code="d">1979-07-01</subfield>
    <subfield code="h">N&#xBA; 2938 - jul. 1979</subfield>
    <subfield code="l">0</subfield>
    <subfield code="o">H338.43 BOL 2938</subfield>
    <subfield code="p">R08929</subfield>
    <subfield code="r">2026-04-10 16:07:54</subfield>
    <subfield code="w">2026-04-10</subfield>
    <subfield code="y">RN</subfield>
  </datafield>
  <datafield tag="952" ind1=" " ind2=" ">
    <subfield code="0">0</subfield>
    <subfield code="1">0</subfield>
    <subfield code="4">0</subfield>
    <subfield code="7">0</subfield>
    <subfield code="a">BCEJYS</subfield>
    <subfield code="b">BCEJYS</subfield>
    <subfield code="c">17</subfield>
    <subfield code="d">1979-06-01</subfield>
    <subfield code="h">N&#xBA; 2937 - jun. 1979</subfield>
    <subfield code="l">0</subfield>
    <subfield code="o">H338.43 BOL 2937</subfield>
    <subfield code="p">R08928</subfield>
    <subfield code="r">2026-04-10 16:07:54</subfield>
    <subfield code="w">2026-04-10</subfield>
    <subfield code="y">RN</subfield>
  </datafield>
  <datafield tag="952" ind1=" " ind2=" ">
    <subfield code="0">0</subfield>
    <subfield code="1">0</subfield>
    <subfield code="4">0</subfield>
    <subfield code="7">0</subfield>
    <subfield code="a">BCEJYS</subfield>
    <subfield code="b">BCEJYS</subfield>
    <subfield code="c">17</subfield>
    <subfield code="d">1979-05-01</subfield>
    <subfield code="h">N&#xBA; 2936 - mayo 1979</subfield>
    <subfield code="l">0</subfield>
    <subfield code="o">H338.43 BOL 2936</subfield>
    <subfield code="p">R08927</subfield>
    <subfield code="r">2026-04-10 16:07:54</subfield>
    <subfield code="w">2026-04-10</subfield>
    <subfield code="y">RN</subfield>
  </datafield>
  <datafield tag="952" ind1=" " ind2=" ">
    <subfield code="0">0</subfield>
    <subfield code="1">0</subfield>
    <subfield code="4">0</subfield>
    <subfield code="7">0</subfield>
    <subfield code="a">BCEJYS</subfield>
    <subfield code="b">BCEJYS</subfield>
    <subfield code="c">17</subfield>
    <subfield code="d">1979-04-01</subfield>
    <subfield code="h">N&#xBA; 2935 - abr. 1979</subfield>
    <subfield code="l">0</subfield>
    <subfield code="o">H338.43 BOL 2935</subfield>
    <subfield code="p">R08926</subfield>
    <subfield code="r">2026-04-10 16:07:54</subfield>
    <subfield code="w">2026-04-10</subfield>
    <subfield code="y">RN</subfield>
  </datafield>
  <datafield tag="952" ind1=" " ind2=" ">
    <subfield code="0">0</subfield>
    <subfield code="1">0</subfield>
    <subfield code="4">0</subfield>
    <subfield code="7">0</subfield>
    <subfield code="a">BCEJYS</subfield>
    <subfield code="b">BCEJYS</subfield>
    <subfield code="c">17</subfield>
    <subfield code="d">1979-03-01</subfield>
    <subfield code="h">N&#xBA; 2934 - mar. 1979</subfield>
    <subfield code="l">0</subfield>
    <subfield code="o">H338.43 BOL 2934</subfield>
    <subfield code="p">R08925</subfield>
    <subfield code="r">2026-04-10 16:07:54</subfield>
    <subfield code="w">2026-04-10</subfield>
    <subfield code="y">RN</subfield>
  </datafield>
  <datafield tag="952" ind1=" " ind2=" ">
    <subfield code="0">0</subfield>
    <subfield code="1">0</subfield>
    <subfield code="4">0</subfield>
    <subfield code="7">0</subfield>
    <subfield code="a">BCEJYS</subfield>
    <subfield code="b">BCEJYS</subfield>
    <subfield code="c">17</subfield>
    <subfield code="d">1979-02-01</subfield>
    <subfield code="h">N&#xBA; 2933 - feb. 1979</subfield>
    <subfield code="l">0</subfield>
    <subfield code="o">H338.43 BOL 2933</subfield>
    <subfield code="p">R08924</subfield>
    <subfield code="r">2026-04-10 16:07:54</subfield>
    <subfield code="w">2026-04-10</subfield>
    <subfield code="y">RN</subfield>
  </datafield>
  <datafield tag="952" ind1=" " ind2=" ">
    <subfield code="0">0</subfield>
    <subfield code="1">0</subfield>
    <subfield code="4">0</subfield>
    <subfield code="7">0</subfield>
    <subfield code="a">BCEJYS</subfield>
    <subfield code="b">BCEJYS</subfield>
    <subfield code="c">17</subfield>
    <subfield code="d">1979-01-01</subfield>
    <subfield code="h">N&#xBA; 2932 - ene. 1979</subfield>
    <subfield code="l">0</subfield>
    <subfield code="o">H338.43 BOL 2932</subfield>
    <subfield code="p">R08923</subfield>
    <subfield code="r">2026-04-10 16:07:54</subfield>
    <subfield code="w">2026-04-10</subfield>
    <subfield code="y">RN</subfield>
  </datafield>
  <datafield tag="952" ind1=" " ind2=" ">
    <subfield code="0">0</subfield>
    <subfield code="1">0</subfield>
    <subfield code="4">0</subfield>
    <subfield code="7">0</subfield>
    <subfield code="a">BCEJYS</subfield>
    <subfield code="b">BCEJYS</subfield>
    <subfield code="c">17</subfield>
    <subfield code="d">1978-12-01</subfield>
    <subfield code="h">N&#xBA; 2931 - dic. 1978</subfield>
    <subfield code="l">0</subfield>
    <subfield code="o">H338.43 BOL 2931</subfield>
    <subfield code="p">R08892</subfield>
    <subfield code="r">2026-04-10 16:07:54</subfield>
    <subfield code="w">2026-04-10</subfield>
    <subfield code="y">RN</subfield>
  </datafield>
</record>
